El derecho de quiebras

Guardat en:
Dades bibliogràfiques
Autor principal: Gómez Balmaceda, Rafael (autor)
Altres autors: Eyzaguirre Smart, Gonzalo (autor)
Format: Llibre
Idioma:espanyol
Publicat: Santiago Jurídica 2009
Matèries:
Etiquetes: Afegir etiqueta
Sense etiquetes, Sigues el primer a etiquetar aquest registre!

MARC

LEADER 00000nam a2200000 a 4500
001 UCH3646
003 CL-VaPUC
008 090813e20090000CL |||||||||||||||||spa|d
020 |a 9789561019300 
082 0 4 |a 346.078  |b GOM  |2 21 
100 |a Gómez Balmaceda, Rafael  |e autor  |9 763699 
700 |a Eyzaguirre Smart, Gonzalo  |e autor  |9 560339 
245 1 3 |a El derecho de quiebras 
300 |a 257 p 
942 |c BK 
945 |d 20090813 00:00:00  |a rbrito 
260 |a Santiago  |b Jurídica  |c 2009 
650 0 |a Derecho de quiebra  |9 427106 
650 0 |a Quiebra  |9 255386 
650 0 |a Síndico de quiebra  |9 404573 
650 0 |a Juicio de quiebra  |9 427105 
650 7 |a DECLARACION DE QUIEBRAS  |2 CL-VaPUC  |9 539144 
583 |a last modification  |c 20170612 11:43:29  |k Rodrigo Vera 
999 |c 335129  |d 335127 
952 |0 0  |1 0  |4 0  |6 346_078000000000000_GOM_2009  |7 0  |8 A  |9 424745  |a BIBDER  |b BIBDER  |d 2019-11-22  |i 4586794  |o 346.078 GOM 2009  |p 4586794  |r 2023-01-25  |w 2019-11-22  |y BK  |k DER 
952 |0 0  |1 0  |4 0  |6 346_078000000000000_GOM_2009  |7 0  |8 A  |9 424746  |a BIBDER  |b BIBDER  |d 2019-11-22  |i 4695283  |l 1  |o 346.078 GOM 2009  |p 4695283  |r 2023-06-28  |s 2023-06-22  |w 2019-11-22  |y BK  |k DER